Los conventos franciscanos poblanos y el número de oro (Record no. 236)
[ view plain ]
| 000 -CABECERA | |
|---|---|
| campo de control de longitud fija | 01138nam a2200229 a 4500 |
| 001 - NÚMERO DE CONTROL | |
| campo de control | BRCA_292 |
| 005 - FECHA Y HORA DE LA ÚLTIMA TRANSACCIÓN | |
| campo de control | 20190320202940.0 |
| 008 - DATOS DE LONGITUD FIJA--INFORMACIÓN GENERAL | |
| campo de control de longitud fija | 930722s1988 mx-a---##b---s000-0#spa-d |
| 040 ## - FUENTE DE LA CATALOGACIÓN | |
| Centro catalogador/agencia de origen | CStmo |
| Centro/agencia transcriptor | CStmo |
| Centro/agencia modificador | DLC |
| 050 #4 - SIGNATURA TOPOGRÁFICA DE LA BIBLIOTECA DEL CONGRESO | |
| Número de clasificación | NA5257.P8 |
| Número de documento/Ítem | .M37 1988 |
| 100 1# - ENTRADA PRINCIPAL--NOMBRE DE PERSONA | |
| Nombre de persona | Martínez del Sobral y Campa, Margarita |
| 9 (RLIN) | 979 |
| 245 10 - MENCIÓN DE TÍTULO | |
| Título | Los conventos franciscanos poblanos y el número de oro |
| Mención de responsabilidad, etc. | Margarita Martínez del Sobral y Campa. |
| 260 ## - PUBLICACIÓN, DISTRIBUCIÓN, ETC. | |
| Lugar de publicación, distribución, etc. | [Puebla, México] |
| Nombre del editor, distribuidor, etc. | Gobierno del Estado de Puebla, Centro Regional de Puebla: Fundación Fuad Abed Halabi |
| Fecha de publicación, distribución, etc. | [1988] |
| 300 ## - DESCRIPCIÓN FÍSICA | |
| Extensión | 253 p. |
| Otras características físicas | il. |
| Dimensiones | 30 cm. |
| 500 ## - NOTA GENERAL | |
| Nota general | Apéndices: 1. El cuadrado de San Benito en el trazo del plano de Saint Gall. 2. La medalla de San Benito y el exorcismo en los monasterios y conventos medievales. 3.Acatepec San Francisco- (Iglesia Franciscana del siglo XVI) |
| 504 ## - NOTA DE BIBLIOGRAFÍA, ETC. | |
| Nota de bibliografía, etc. | Incluye referencias bibliográficas |
| 650 14 - PUNTO DE ACCESO ADICIONAL DE MATERIA--TÉRMINO DE MATERIA | |
| Término de materia o nombre geográfico como elemento de entrada | Monasterios franciscanos |
| Subdivisión geográfica | Puebla (México) |
| 9 (RLIN) | 980 |
| 650 14 - PUNTO DE ACCESO ADICIONAL DE MATERIA--TÉRMINO DE MATERIA | |
| Término de materia o nombre geográfico como elemento de entrada | Conventos franciscanos |
| Subdivisión cronológica | Siglo XVI |
| Subdivisión geográfica | Puebla (México) |
| 9 (RLIN) | 981 |
| 650 14 - PUNTO DE ACCESO ADICIONAL DE MATERIA--TÉRMINO DE MATERIA | |
| Término de materia o nombre geográfico como elemento de entrada | Arquitectura franciscana |
| Subdivisión general | Diseños y planos |
| Subdivisión cronológica | Siglo XVI |
| Subdivisión geográfica | México |
| 9 (RLIN) | 982 |
| 653 0# - TÉRMINO DE INDIZACIÓN--NO CONTROLADO | |
| Término no controlado | Ordenes religiosas |
| 942 ## - ELEMENTOS DE PUNTO DE ACCESO ADICIONAL (KOHA) | |
| Fuente del sistema de clasificación o colocación | Library of Congress Classification |
| Tipo de ítem Koha | Libros |
| Estado de retiro | Estado de pérdida | Estado dañado | No para préstamo | Localización permanente | Ubicación/localización actual | Fecha de adquisición | Total de préstamos | Signatura topográfica completa | Código de barras | Fecha visto por última vez | Precio válido a partir de | Tipo de ítem Koha |
|---|---|---|---|---|---|---|---|---|---|---|---|---|
| El ejemplar forma parte de la colección y puede ser consultado según las políticas vigentes. | Biblioteca del Museo Franz Mayer (Rogerio Casas-Alatriste) | Biblioteca del Museo Franz Mayer (Rogerio Casas-Alatriste) | 25/06/2008 | NA5257.P8 .M37 1988 | 00346 | 22/03/2019 | 22/03/2019 | Libros |